LIBRARY & INFORMATION CENTRE, KCAET, TAVANUR

ONLINE PUBLIC ACCESS CATALOGUE (OPAC)

Data Structures Through 'C' Language (Record no. 13295)

MARC details
000 -LEADER
fixed length control field 00404cam a2200145ua 4500
020 ## - INTERNATIONAL STANDARD BOOK NUMBER
ISBN 8176563757
082 ## - DEWEY DECIMAL CLASSIFICATION NUMBER
Classification number 005.133
Item number CHA/DA
100 ## - MAIN ENTRY--AUTHOR NAME
Personal name Chattopadhyay, Samiran .
100 ## - MAIN ENTRY--AUTHOR NAME
Personal name Dastidar, Debabrata Ghosh
100 ## - MAIN ENTRY--AUTHOR NAME
Personal name Chattopadhyay,Matangini
245 ## - TITLE STATEMENT
Title Data Structures Through 'C' Language
260 ## - PUBLICATION, DISTRIBUTION, ETC. (IMPRINT)
Place of publication New Delhi :
Name of publisher B P B Publishers ,
Year of publication 2010
300 ## - PHYSICAL DESCRIPTION
Number of Pages 494 ;
942 ## - ADDED ENTRY ELEMENTS (KOHA)
Koha item type Books
Holdings
Withdrawn status Lost status Damaged status Home library Current library Date acquired Full call number Accession Number Koha item type Collection code Shelving location Source of acquisition Cost, normal purchase price
      KAUAET KAUAET 07/04/2012 005.133 21634 Books        
      KAUAET KAUAET 31/03/2012 005.133 CHA/DA 22959 Books Non-fiction General Stacks International Books & Periodicals Supply Service, Delhi 330.00
      KAUAET KAUAET 31/03/2012 005.133 CHA/DA 22960 Books Non-fiction General Stacks International Books & Periodicals Supply Service, Delhi 330.00
      KAUAET KAUAET 31/03/2012 005.133 CHA/DA 22961 Books Non-fiction General Stacks International Books & Periodicals Supply Service, Delhi 330.00
      KAUAET KAUAET 31/03/2012 005.133 CHA/DA 22962 Books Non-fiction General Stacks International Books & Periodicals Supply Service, Delhi 330.00
      KAUAET KAUAET 31/03/2012 005.133 CHA/DA 22963 Books Non-fiction General Stacks International Books & Periodicals Supply Service, Delhi 330.00
free website counter